{"text_format":"3","workbook":"xlsx","n_sheets":2,"sheets":["SUMMARY","MATERIAL TAKE-OFF"],"not_rendered":{"charts":1,"images":2,"defined_names":4},"read":"whole","date_system":"1900"}

{"sheet":"SUMMARY","index":0,"n_rows":18,"n_cols":4,"rows_kept":18,"merged":[[12,0,12,1],[13,0,13,3],[17,0,17,1]]}
[]
["Project ID:"]
[]
["Address:"]
[]
["No. of Floors:",1]
[]
["Building GSF",334]
[]
["DIVISION NO.","DESCRIPTION","TOTAL DIV. COST","TOTAL DIV. COST (PER SF)"]
[1000,"Overhead and Preliminaries",{"$f":"'MATERIAL TAKE-OFF'!L13","v":{"v":22044,"d":"$22,044"}},{"$f":"C11/$B$8","v":{"v":66,"d":"$66.00"}}]
[4000,"Electrical",{"$f":"'MATERIAL TAKE-OFF'!L48","v":{"v":45716.863249999995,"d":"$45,717"}},{"$f":"C12/$B$8","v":{"v":136.8768360778443,"d":"$136.88"}}]
["SUBTOTAL CONSTRUCTION COST",null,{"$f":"SUM(C11:C12)","v":{"v":67760.86325,"d":"$67,761"}},{"$f":"SUM(D11:D12)","v":{"v":202.8768360778443,"d":"$203"}}]
[]
["PROFIT",{"v":0.15,"d":"15%"},{"$f":"$C$13*B15","v":{"v":10164.129487499999,"d":"$10,164"}},{"$f":"$D$13*B15","v":30.431525411676645}]
["TOTAL PROJECT COST",null,{"$f":"C15+C13","v":{"v":77924.9927375,"d":"$77,925"}},{"$f":"$D$13*B16","v":0}]
["GST",{"v":0.1,"d":"10%"},{"$f":"C16*B17","v":{"v":7792.49927375,"d":"$7,792"}},{"$f":"$D$13*B17","v":{"v":20.28768360778443,"d":"$20"}}]
["TOTAL PROJECT COST INCL. GST",null,{"$f":"SUM(C16:C17)","v":{"v":85717.49201125,"d":"$85,717"}},{"$f":"SUM(D13:D17)","v":{"v":253.5960450973054,"d":"$254"}}]

{"sheet":"MATERIAL TAKE-OFF","index":1,"n_rows":65,"n_cols":13,"rows_kept":65,"merged":[[2,6,2,7],[2,8,2,9],[3,6,3,7],[3,8,3,9],[4,6,4,7],[4,8,4,9],[5,6,5,7],[5,8,5,9],[6,6,6,7],[6,8,6,9],[7,6,7,7],[7,8,7,9],[10,1,10,10],[14,1,14,10],[16,1,46,1],[48,0,48,8],[49,0,49,9],[50,0,50,9],[51,0,51,9],[52,0,52,9],[53,0,53,8],[55,1,55,10]]}
[]
[]
["Project: ",{"$f":"SUMMARY!B2","v":0}]
[]
["Address:",{"$f":"SUMMARY!B4","v":0}]
[]
["Scope:","ELECTRICAL"]
[]
["Date:",{"$f":"TODAY()","v":"2025-12-23"}]
["SR #","REF. SHEET #","DESCRIPTION","QUANTITY","UNIT","LABOR RATE","TOTAL LABOUR COST","MATERIAL RATE","TOTAL MATETRIAL COST","EQUIPMENT RATE","TOTAL EQUIPMENT COSTS","SUB COST","NOTE / REMARKS"]
[null,"01. OVERHEAD AND PREMLIMINARIES"]
[1,null,"Overhead and Preliminaries",334,"M2",{"v":23.5,"d":"$23.50"},{"$f":"D12*F12","v":{"v":7849,"d":"$7,849.00"}},{"v":42.5,"d":"$42.50"},{"$f":"D12*H12","v":{"v":14195,"d":"$14,195.00"}},{"v":0,"d":"$0.00"},{"$f":"D12*J12","v":{"v":0,"d":"$0.00"}},{"$f":"IF(D12=\"\",\"\",(G12+I12+K12))","v":{"v":22044,"d":"$22,044.00"}}]
[{"$f":"IF(E13=0,\"\",1+MAX(A12:A12))","v":""},{"$nulls":9},"SUBTOTAL",{"$f":"SUM(L11:L12)","v":{"v":22044,"d":"$22,044.00"}}]
[{"$f":"IF(E14=0,\"\",1+MAX(#REF!))","v":""}]
[{"$f":"IF(E15=0,\"\",1+MAX(A14:A14))","v":""},"04. ELECTRICAL"]
[{"$f":"IF(E16=0,\"\",1+MAX(A14:A15))","v":""},null,"Lighting Fixtures"]
[2,"E-101\nE-102","U1: In Ground Uplight\r\n - Mfr.: Flix\r\n- Produce Family: RDT 100 Adjustable\r\n- IP: IP65 IK10\r\n- Dimension: 105mm H x 125mm Dia",{"v":13,"d":"13.00"},"EA",{"v":53.475,"d":"$53.48"},{"$f":"D17*F17","v":{"v":695.1750000000001,"d":"$695.18"}},{"v":115,"d":"$115.00"},{"$f":"D17*H17","v":{"v":1495,"d":"$1,495.00"}},{"v":0,"d":"$0.00"},{"$f":"D17*J17","v":{"v":0,"d":"$0.00"}},{"$f":"IF(D17=\"\",\"\",(G17+I17+K17))","v":{"v":2190.175,"d":"$2,190.18"}}]
[{"$f":"IF(E18=0,\"\",1+MAX(A6:A17))","v":3},null,"W2: Wall Mounted Led Light\r\n- Mfr.: LIGMAN\r\n- Produce Family: LEEDS 4\r\n- IP: IP65 IK07\r\n- Dimension: 238mm W x 645mm H x 708mm D",{"v":25,"d":"25.00"},"EA",{"v":52.080000000000005,"d":"$52.08"},{"$f":"D18*F18","v":{"v":1302.0000000000002,"d":"$1,302.00"}},{"v":112,"d":"$112.00"},{"$f":"D18*H18","v":{"v":2800,"d":"$2,800.00"}},{"v":0,"d":"$0.00"},{"$f":"D18*J18","v":{"v":0,"d":"$0.00"}},{"$f":"IF(D18=\"\",\"\",(G18+I18+K18))","v":{"v":4102,"d":"$4,102.00"}}]
[{"$f":"IF(E19=0,\"\",1+MAX(A7:A18))","v":4},null,"D1: Surface Mounted Rectangular Downlight\r\n- Mfr.: IGUZZINI\r\n- Product Family: Laser Blade Inout Celing\r\n- Finsh: TBC",{"v":32,"d":"32.00"},"EA",{"v":51.150000000000006,"d":"$51.15"},{"v":1636.8000000000002,"d":"$1,636.80"},{"v":110,"d":"$110.00"},{"v":3520,"d":"$3,520.00"},{"v":0,"d":"$0.00"},{"v":0,"d":"$0.00"},{"v":5156.8,"d":"$5,156.80"}]
[5,null,"E1: Led Surface Mounted Non- Maintained Emergency Luminare",{"v":8,"d":"8.00"},"EA",{"v":54.870000000000005,"d":"$54.87"},{"v":438.96000000000004,"d":"$438.96"},{"v":118,"d":"$118.00"},{"v":944,"d":"$944.00"},{"v":0,"d":"$0.00"},{"v":0,"d":"$0.00"},{"v":1382.96,"d":"$1,382.96"}]
[6,null,"L4: : Led Linear On Adjustable Bracket w/ Optic Control\r\n- Mfr.: Coolon Jadecross\r\n- Product Family: STR-Multo IP\r\n- Finish: IP66 IK08\r\n- Dimension: 20mm W x 22.5mm H",{"v":21,"d":"21.00"},"EA",{"v":67.425,"d":"$67.43"},{"v":1415.925,"d":"$1,415.93"},{"v":145,"d":"$145.00"},{"v":3045,"d":"$3,045.00"},{"v":0,"d":"$0.00"},{"v":0,"d":"$0.00"},{"v":4460.925,"d":"$4,460.93"}]
[7,null,"L3: Integrated Led Linear W/ Pelmet\r\n- Mfr.: Coolon Jadecross\r\n- Product Family: STR-Multo IP\r\n- Finish: IP66 IK08\r\n- Dimension: 20mm W x 22.5mm H",{"v":4,"d":"4.00"},"EA",{"v":63.24,"d":"$63.24"},{"v":252.96,"d":"$252.96"},{"v":136,"d":"$136.00"},{"v":544,"d":"$544.00"},{"v":0,"d":"$0.00"},{"v":0,"d":"$0.00"},{"v":796.96,"d":"$796.96"}]
[8,null,"LED Exit Sign Compelet Battery Pack In Sustained Mode",{"v":9,"d":"9.00"},"EA",{"v":61.38,"d":"$61.38"},{"v":552.4200000000001,"d":"$552.42"},{"v":132,"d":"$132.00"},{"v":1188,"d":"$1,188.00"},{"v":0,"d":"$0.00"},{"v":0,"d":"$0.00"},{"v":1740.42,"d":"$1,740.42"}]
[9,null,"A1: Surface Mounted Batten\r\n- Mfr.: Pierlite\r\n- Produce Family: VANDALUX OPAL LUMEN SELECT 4FT GEN 2\r\n- IP: IP65IK06\r\n- Dimension: 83mm W x 99mm H x 50mm D",{"v":3,"d":"3.00"},"EA",{"v":59.52,"d":"$59.52"},{"v":178.56,"d":"$178.56"},{"v":128,"d":"$128.00"},{"v":384,"d":"$384.00"},{"v":0,"d":"$0.00"},{"v":0,"d":"$0.00"},{"v":562.56,"d":"$562.56"}]
[10,null,"NO Mountained Surface Emergency Fluorescent batten Complete w/\n Intergral emergecny Gear",{"v":1,"d":"1.00"},"EA",{"v":76.72500000000001,"d":"$76.73"},{"v":76.72500000000001,"d":"$76.73"},{"v":165,"d":"$165.00"},{"v":165,"d":"$165.00"},{"v":0,"d":"$0.00"},{"v":0,"d":"$0.00"},{"v":241.72500000000002,"d":"$241.73"}]
["",null,"Power Items"]
[11,null,"MCP: Philips Dynalite Colour Touchscreen 4.3 (DTP100)\r\n- Mfr.: TBC\r\n- Family Product: TBC\r\n- Finish: TBC",{"v":1,"d":"1.00"},"EA",{"v":41.22225,"d":"$41.22"},{"v":41.22225,"d":"$41.22"},{"v":88.65,"d":"$88.65"},{"v":88.65,"d":"$88.65"},{"v":0,"d":"$0.00"},{"v":0,"d":"$0.00"},{"v":129.87225,"d":"$129.87"}]
[12,null,"Control Panel",{"v":1,"d":"1.00"},"EA",{"v":160.425,"d":"$160.43"},{"$f":"D28*F28","v":{"v":160.425,"d":"$160.43"}},{"v":345,"d":"$345.00"},{"$f":"D28*H28","v":{"v":345,"d":"$345.00"}},{"v":0,"d":"$0.00"},{"$f":"D28*J28","v":{"v":0,"d":"$0.00"}},{"$f":"IF(D28=\"\",\"\",(G28+I28+K28))","v":{"v":505.425,"d":"$505.43"}}]
[13,null,"Double 10A Switched GPO",{"v":2,"d":"2.00"},"EA",{"v":21.157500000000002,"d":"$21.16"},{"v":42.315000000000005,"d":"$42.32"},{"v":45.5,"d":"$45.50"},{"v":91,"d":"$91.00"},{"v":0,"d":"$0.00"},{"v":0,"d":"$0.00"},{"v":133.315,"d":"$133.32"}]
[14,null,"Double 10A Switched GPO (WP)",{"v":4,"d":"4.00"},"EA",{"v":22.552500000000002,"d":"$22.55"},{"v":90.21000000000001,"d":"$90.21"},{"v":48.5,"d":"$48.50"},{"v":194,"d":"$194.00"},{"v":0,"d":"$0.00"},{"v":0,"d":"$0.00"},{"v":284.21000000000004,"d":"$284.21"}]
[15,null,"Distribution Switch Board (Detail Are Not Given)",{"v":4,"d":"4.00"},"EA",{"v":29.0625,"d":"$29.06"},{"v":116.25,"d":"$116.25"},{"v":62.5,"d":"$62.50"},{"v":250,"d":"$250.00"},{"v":0,"d":"$0.00"},{"v":0,"d":"$0.00"},{"v":366.25,"d":"$366.25"}]
[16,null,"Direct Electrical Connection (1N/20A)",{"v":2,"d":"2.00"},"EA",{"v":25.644750000000002,"d":"$25.64"},{"v":51.289500000000004,"d":"$51.29"},{"v":55.15,"d":"$55.15"},{"v":110.3,"d":"$110.30"},{"v":0,"d":"$0.00"},{"v":0,"d":"$0.00"},{"v":161.5895,"d":"$161.59"}]
[17,null,"Autodoor Access Control Compelte w/ Door Release & Reed Switch",{"v":2,"d":"2.00"},"EA",{"v":53.568000000000005,"d":"$53.57"},{"v":107.13600000000001,"d":"$107.14"},{"v":115.2,"d":"$115.20"},{"v":230.4,"d":"$230.40"},{"v":0,"d":"$0.00"},{"v":0,"d":"$0.00"},{"v":337.536,"d":"$337.54"}]
[18,null,"Single 15A Switched GPO",{"v":1,"d":"1.00"},"EA",{"v":16.368000000000002,"d":"$16.37"},{"v":16.368000000000002,"d":"$16.37"},{"v":35.2,"d":"$35.20"},{"v":35.2,"d":"$35.20"},{"v":0,"d":"$0.00"},{"v":0,"d":"$0.00"},{"v":51.568000000000005,"d":"$51.57"}]
[19,null,"Solar Inverter",{"v":2,"d":"2.00"},"EA",{"v":534.75,"d":"$534.75"},{"v":1069.5,"d":"$1,069.50"},{"v":1150,"d":"$1,150.00"},{"v":2300,"d":"$2,300.00"},{"v":0,"d":"$0.00"},{"v":0,"d":"$0.00"},{"v":3369.5,"d":"$3,369.50"}]
[20,null,"1 Gang Light Switch\r\n- Mfr.: TBC\r\n- Family Product: TBC\r\n- Finish: TBC",{"v":1,"d":"1.00"},"EA",{"v":30.457500000000003,"d":"$30.46"},{"v":30.457500000000003,"d":"$30.46"},{"v":65.5,"d":"$65.50"},{"v":65.5,"d":"$65.50"},{"v":0,"d":"$0.00"},{"v":0,"d":"$0.00"},{"v":95.95750000000001,"d":"$95.96"}]
["",null,"Sensor"]
[21,null,"Motion sensor (Recessed Into Ceiling Where Possible Or Surface Mounted Otherwised)\r\n- Mfr.: TBC\r\n- Family Product: TBC\r\n- Finiah: TBC",{"v":6,"d":"6.00"},"EA",{"v":27.1095,"d":"$27.11"},{"v":162.657,"d":"$162.66"},{"v":58.3,"d":"$58.30"},{"v":349.79999999999995,"d":"$349.80"},{"v":0,"d":"$0.00"},{"v":0,"d":"$0.00"},{"v":512.457,"d":"$512.46"}]
[22,null,"Wall Mounted Motion Sensor",{"v":6,"d":"6.00"},"EA",{"v":22.599,"d":"$22.60"},{"$f":"D39*F39","v":{"v":135.594,"d":"$135.59"}},{"v":48.6,"d":"$48.60"},{"$f":"D39*H39","v":{"v":291.6,"d":"$291.60"}},{"v":0,"d":"$0.00"},{"$f":"D39*J39","v":{"v":0,"d":"$0.00"}},{"$f":"IF(D39=\"\",\"\",(G39+I39+K39))","v":{"v":427.194,"d":"$427.19"}}]
["",null,"Communication"]
[23,null,"Telecommunication Rack",{"v":1,"d":"1.00"},"EA",{"v":123.22500000000001,"d":"123.23"},{"v":123.22500000000001,"d":"$123.23"},{"v":265,"d":"$265.00"},{"v":265,"d":"$265.00"},{"v":0,"d":"$0.00"},{"v":0,"d":"$0.00"},{"v":388.225,"d":"$388.23"}]
[24,null,"Colour CCTV Fixed Camera Compelet w/ Mounting Bracket & Domed Protector Housing (WP)",{"v":7,"d":"7.00"},"EA",{"v":217.62,"d":"$217.62"},{"v":1523.3400000000001,"d":"$1,523.34"},{"v":468,"d":"$468.00"},{"v":3276,"d":"$3,276.00"},{"v":0,"d":"$0.00"},{"v":0,"d":"$0.00"},{"v":4799.34,"d":"$4,799.34"}]
[25,null,"Colour CCTV Fixed Camera Compelet w/ Mounting Bracket & Domed Protector Housing",{"v":2,"d":"2.00"},"EA",{"v":214.83,"d":"$214.83"},{"v":429.66,"d":"$429.66"},{"v":462,"d":"462.00"},{"v":924,"d":"$924.00"},{"v":0,"d":"$0.00"},{"v":0,"d":"$0.00"},{"v":1353.66,"d":"$1,353.66"}]
["",null,"Panels"]
[26,null,"(1740mm x 5280mm) 330W Solar Panels On Roof",{"v":16,"d":"16.00"},"EA",{"v":160.425,"d":"160.43"},{"v":2566.8,"d":"$2,566.80"},{"v":345,"d":"345.00"},{"v":5520,"d":"$5,520.00"},{"v":0,"d":"$0.00"},{"v":0,"d":"$0.00"},{"v":8086.8,"d":"$8,086.80"}]
["",null,"Allowance"]
[27,null,"Wiring & Conduits",{"v":364,"d":"364.00"},"M",{"v":3.5572500000000002,"d":"$3.56"},{"v":1294.8390000000002,"d":"$1,294.84"},{"v":7.65,"d":"$7.65"},{"v":2784.6,"d":"$2,784.60"},{"v":0,"d":"$0.00"},{"v":0,"d":"$0.00"},{"v":4079.4390000000003,"d":"$4,079.44"}]
[{"$f":"IF(E48=0,\"\",1+MAX(A14:A47))","v":""},{"$nulls":9},"SUBTOTAL",{"$f":"SUM(L15:L47)","v":{"v":45716.863249999995,"d":"$45,716.86"}}]
[]
["SUBTOTAL CONSTRUCTION COST",{"$nulls":10},{"$f":"SUM(L11:L49)/2","v":{"v":67760.86325,"d":"$67,761"}}]
["PROFIT",{"$nulls":9},{"v":0.15,"d":"15%"},{"$f":"$L$50*K51","v":{"v":10164.129487499999,"d":"$10,164"}}]
["TOTAL PROJECT COST",{"$nulls":10},{"$f":"L50+L51","v":{"v":77924.9927375,"d":"$77,925"}}]
["GST",{"$nulls":9},{"v":0.1,"d":"10%"},{"$f":"L52*K53","v":{"v":7792.49927375,"d":"$7,792"}}]
["TOTAL PROJECT COST INCL. GST",{"$nulls":10},{"$f":"L52+L53","v":{"v":85717.49201125,"d":"$85,717"}}]
["NOTES:"]
[null,"General Notes: The prices used while preparing the estimate were taken from Cordell Platinum online i.e. the standard pricing. So, it is preferred to review the prices."]
[]
[null,null,"Note",{"$nulls":5},"Legend"]
[null,1,"The drawings are scaled as per the mentioned scales on the plans.",{"$nulls":5},"KG's = Kilogram"]
[{"$nulls":8},"M2= Meter Square "]
[{"$nulls":8},"M = Meter"]
[{"$nulls":8},"EA = Each"]
[{"$nulls":8},"M3 = Meter Cube "]
[{"$nulls":8},"LOC = Location"]
[{"$nulls":8},"LS = Lum Sum"]